| 000 | 00727nam a22002177a 4500 | ||
|---|---|---|---|
| 008 | 240706b mp ||||| |||| 00| 0 mon d | ||
| 035 | _a2387 | ||
| 040 |
_aBH0164090 _bmon _cMN-UlNLM _dMN-UlNLM _erda |
||
| 041 | _amon | ||
| 042 | _a52012 | ||
| 084 |
_2NNA _a84/5мон/-4 _bБ-259 |
||
| 100 | _aБанзрагч Д. | ||
| 245 | 0 | _aМорьт ажаагийн хүү | |
| 264 |
_aУлаанбаатар _bАрдын Боловсролын Яамны х _c1982 |
||
| 300 | _a16х. | ||
| 336 |
_2rdacontent _atext _btxt |
||
| 337 |
_2rdamedia _aunmediated _bn |
||
| 338 |
_2rdacarrier _avolume _bnc |
||
| 650 | _aсургуулийн өмнөх насныханд зориулсан зурагт ном | ||
| 942 |
_2NNA _cBK |
||
| 999 |
_c1101987 _d1102044 |
||